Name the Animals A-Z (A-Z Animals Quiz) - Statistics

General Stats
  • This quiz has been taken 185 times
  • The average score is 18 of 26
Answer Stats
Letter Hint Animal % Correct
A Tiny Insect That Carries Things Ant
98%
D Man's Best Friend Dog
92%
F Pink Bird That Stands on One Leg Flamingo
92%
M Swings From Trees and Eats Bananas Monkey
91%
J They're Often Mistaken For Leopards Jaguar
89%
K Has a Pouch For its Baby Kangaroo
88%
L Leo, Simba and Lambert Lion
87%
Z Black and White Striped Animal Zebra
87%
E Have Fantastic Memories! Elephant
85%
G Brown Bear That Gets Angry Grizzly
85%
B They Build Dams and Have Weird Teeth Beaver
83%
T Teenage Mutant Ninja Turtle
83%
O Biggest Bird in the World Ostrich
79%
P Black and White Bear Panda
79%
I Reptile That Lives for 4-60 Years Iguana
77%
S Really Sssssslimy Snake
70%
V Eats Any Dead Thing Vulture
70%
H A Pig but With Horns on its Head Hog
66%
Y Used in Tibet as a Pack Animal Yak
65%
R Who Framed Roger Rabbit
64%
W Woody the Woodpecker
63%
C Wile E. is one of them Coyote
59%
N Especially Known For Being a Singing Bird Nightingale
39%
U Underwater Marine Creature Urchin
37%
X Ground Squirrels From Africa Xerus
14%
Q Also Known as Quakers Quale
8%
No matching quizzes found
Score Distribution
Percent of People with Each Score
Percentile by Number Answered
Your Score History
You have not taken this quiz